00447nam a2200157Ia 4500008004100000020000700041082001400048100002500062245006800087250000800155260004300163300002400206500001900230600002000249650002000269240925s9999 xx 000 0 und d aNA a348.02SHA aShahun, Nazir Ahmed 0aPractical Approach to the Comparies Ordinance 1984,With CD Rom  a3rd aRawalpindi:bFederal law housec,2007. a679p.bNAfOriginal aIncludes Index aSocial Sciences aSocial Sciences